| 000 | 00682nam a2200205 a 4500 | ||
|---|---|---|---|
| 001 | BRCA_2894 | ||
| 005 | 20190320204022.0 | ||
| 008 | 111208s1905----mx-a---###---#000-0#spa-u | ||
| 050 | 4 |
_aF1233 _b.B53M39 1905 |
|
| 100 | 1 |
_aBlasio, José Luis _98059 |
|
| 245 | 1 | 0 |
_aMaximiliano íntimo _bel emperador Maximiliano y su corte, memorias de un secretario particular _cJosé Luis Blasio. |
| 260 |
_aParis ; México _bVda. de C. Bouret _c1905 |
||
| 300 |
_a478 p. _bil. _c19 cm. |
||
| 500 | _aIncluye índice temático y apéndice. | ||
| 500 | _aB30 | ||
| 600 | 1 | 4 |
_aMaximiliano _cEmperador de México _d1832-1867 _94582 |
| 651 | 4 |
_aMéxico _xHistoria _9614 |
|
| 902 | _aGFM | ||
| 942 |
_2lcc _cB |
||
| 999 |
_c2633 _d2633 |
||